| 000 | 00914nam a22003377a 4500 | ||
|---|---|---|---|
| 001 | BR6004999 | ||
| 003 | BR-BrBNA | ||
| 005 | 20230928095639.0 | ||
| 007 | ta | ||
| 008 | 230509b bl.||||| |||| 00| 0 por d | ||
| 040 |
_aBR-BrBNA _bpor _cBiblioteca Nacional de Agricultura |
||
| 041 | _a(Por) | ||
| 072 | _aF10 | ||
| 090 | _ F10 BR6004999 | ||
| 110 | 1 |
_aMinisterio da Agricultura, Rio de Janeiro, GB (Brasil). Escritorio de Meteorologia _96952 |
|
| 245 | 1 | _aNormais climatologicas. v. 1 Acre, Amazonas, Para, Maranhao | |
| 260 | 3 |
_aRio de Janeiro, GB (Brasil): _c1969. |
|
| 300 | _a39 p. | ||
| 500 | _aNumerical data | ||
| 650 | _aClimatologia | ||
| 650 | _aMeteorologia | ||
| 650 | _aClima | ||
| 650 | _aTemperatura | ||
| 650 | _aUmidade Relativa | ||
| 650 | _aAcre | ||
| 650 | _aAmazonas | ||
| 650 | _aPara | ||
| 650 | _aMaranhao | ||
| 909 |
_a202309 _bLucia _c55 _dLucia Elande |
||
| 942 | _cBK | ||
| 999 |
_c57850 _d57850 |
||